00589nam a2200133Ia 4500008004100000100002200041245011300063245012900176260005300305260001300358300000800371650001500379856006100394170221s9999 xx 000 0 und d aVasiliy S. Kireev aMarketing Management as the Realization Process of Research, Production and Sale Activity of the Enterprise  cVasiliy S. Kireev, Marina L. Nekrasova, Ekaterina V. Shevchenko, Irina E. Alpatskaya, Sergey A. Makushkin, Elena V. Povorina bInternational Review of Management and Marketing cMay 2013 a2:2 xMarketing. uhttp://www.econjournals.com/index.php/irmm/issue/view/86